| 000 | 00371nam a2200145Ia 4500 | ||
|---|---|---|---|
| 008 | 210210b1975 xxu||||| |||| 00| 0 eng d | ||
| 082 | _a547.1223 GUNG | ||
| 100 | _aGUNSTONE (F D). | ||
| 245 | _aGuide book to stereochemistry. | ||
| 260 |
_aLondon _bLongman _c1975 |
||
| 300 | _axii,112 | ||
| 650 | _aStereo Chemistry | ||
| 690 | _aOrganic Chemistry | ||
| 906 | _aCC00177 | ||
| 999 |
_c109192 _d109192 |
||